000 00461nam a22001817a 4500
005 20230718113110.0
008 230718b |||||||| |||| 00| 0 eng d
020 _a9788131731017
082 _a658.870
_bKOT-M
100 _aKotler,Philip
245 _a Principles of Marketing
_bA South Asian Perspective
260 _aIndia
_bPEARSON
_c2013
300 _a514
500 _aINCLUIDE INDEX
650 _aManagement
700 _aPhilip Kolter
999 _c26039
_d26039